000
00344 a2200157 4500
001
154925
040
_c
Escola São Tomás de Aquino
100
_a
GARAVELLO, Tito Marcio
240
1
0
_a
Geografia
_l
por
245
1
0
_a
Geografia
300
_a
248
362
0
_a
2010
440
1
_a
Scipione
697
_a
GEOGRAFIA GERAL / VIAGENS
942
_c
BK
999
_c
154925
_d
154925